<?xml version="1.0" encoding="UTF-8"?>
<record
    xmlns:xsi="http://www.w3.org/2001/XMLSchema-instance"
    xsi:schemaLocation="http://www.loc.gov/MARC21/slim http://www.loc.gov/standards/marcxml/schema/MARC21slim.xsd"
    xmlns="http://www.loc.gov/MARC21/slim">

  <leader>01162naa a22003017a 4500</leader>
  <controlfield tag="001">BR8704655</controlfield>
  <controlfield tag="003">BR-BrBNA</controlfield>
  <controlfield tag="005">20240918175838.0</controlfield>
  <controlfield tag="007">ta</controlfield>
  <controlfield tag="008">230509b bl.||||| |||| 00| 0 por d</controlfield>
  <datafield tag="040" ind1=" " ind2=" ">
    <subfield code="a">BR-BrBNA</subfield>
    <subfield code="b">por</subfield>
    <subfield code="c">Biblioteca Nacional de Agricultura</subfield>
  </datafield>
  <datafield tag="041" ind1=" " ind2=" ">
    <subfield code="a">(Pt)</subfield>
  </datafield>
  <datafield tag="072" ind1=" " ind2=" ">
    <subfield code="a">H60</subfield>
    <subfield code="b">0150</subfield>
  </datafield>
  <datafield tag="090" ind1=" " ind2=" ">
    <subfield code="a">H60 BR8704655</subfield>
  </datafield>
  <datafield tag="100" ind1="1" ind2=" ">
    <subfield code="a">Xavier, F.E.</subfield>
  </datafield>
  <datafield tag="100" ind1="1" ind2=" ">
    <subfield code="a">Pinto, J.J.O.</subfield>
  </datafield>
  <datafield tag="111" ind1="1" ind2=" ">
    <subfield code="a">12. Reuniao da Cultura do Arroz Irrigado</subfield>
    <subfield code="c">Porto Alegre, RS (Brazil)</subfield>
    <subfield code="d">21-23 Sep 1983</subfield>
  </datafield>
  <datafield tag="245" ind1="1" ind2=" ">
    <subfield code="a">Controle de angiquinho (Aeschynomene hispida willd)com herbicidas aplicados em dois diferentes estagios do desenvolvimento do arroz irrigado [Oryza sativa]</subfield>
  </datafield>
  <datafield tag="260" ind1="3" ind2=" ">
    <subfield code="a">Porto Alegre, RS (Brasil): </subfield>
    <subfield code="c">1983. </subfield>
  </datafield>
  <datafield tag="500" ind1=" " ind2=" ">
    <subfield code="a">Anais da 12. Reuniao da Cultura do Arroz Irrigado
Porto Alegre, RS (Brasil): 1983. p. 193-196
(BR8704655-AM)H60
</subfield>
  </datafield>
  <datafield tag="650" ind1=" " ind2=" ">
    <subfield code="a">ARROZ IRRIGADO</subfield>
  </datafield>
  <datafield tag="650" ind1=" " ind2=" ">
    <subfield code="a">ANGIQUINHO</subfield>
  </datafield>
  <datafield tag="650" ind1=" " ind2=" ">
    <subfield code="a">HERBICIDA</subfield>
  </datafield>
  <datafield tag="650" ind1=" " ind2=" ">
    <subfield code="a">CONTROLE QUIMICO</subfield>
  </datafield>
  <datafield tag="773" ind1="0" ind2=" ">
    <subfield code="t">Anais da 12. Reuniao da Cultura do Arroz Irrigado</subfield>
    <subfield code="w">H60 BR8704655</subfield>
    <subfield code="g">Porto Alegre, RS (Brasil), 1983. p. 193-196</subfield>
  </datafield>
  <datafield tag="909" ind1=" " ind2=" ">
    <subfield code="a">202404</subfield>
    <subfield code="b">Lucia</subfield>
    <subfield code="c">55</subfield>
    <subfield code="d">Lucia Elande</subfield>
  </datafield>
  <datafield tag="942" ind1=" " ind2=" ">
    <subfield code="c">AM</subfield>
    <subfield code="2">AGRIS</subfield>
  </datafield>
  <datafield tag="999" ind1=" " ind2=" ">
    <subfield code="c">318388</subfield>
    <subfield code="d">318388</subfield>
  </datafield>
  <datafield tag="952" ind1=" " ind2=" ">
    <subfield code="0">0</subfield>
    <subfield code="2">AGRIS</subfield>
    <subfield code="4">0</subfield>
    <subfield code="7">0</subfield>
    <subfield code="8">Acervo Geral</subfield>
    <subfield code="a">41918</subfield>
    <subfield code="b">41918</subfield>
    <subfield code="c">Agrobase</subfield>
    <subfield code="l">0</subfield>
    <subfield code="o">0150 BR8704610</subfield>
    <subfield code="r">2024-05-20</subfield>
    <subfield code="t">01</subfield>
    <subfield code="y">AM</subfield>
    <subfield code="1">0</subfield>
    <subfield code="d">2024-04-11</subfield>
    <subfield code="e">Portaria Interministerial n&#xBA; 164/94</subfield>
  </datafield>
</record>
